000 00523nam a2200181 a 4500
005 20140412111310.0
008 010503s19uu xx 00 eng d
020 _a0-590-41622-7
050 _aTR(PS E
_bTi43
100 _aMosel, Arlene
245 _aTikki tikki tembo /
_cretold by Arlene Mosel/ illustrated by Blair Lent.
260 _aNew York :
_bScholastic Inc,
_c1968.
300 _a1v. (unp.) ; ill.
440 _aA Blue Ribbon Book
650 _aNames, china
650 _aFloktales, Chinese
999 _c103934
_d103934